Central Library OPAC University of Rajshahi

The story of Swat as told by the founder Miangul Abdul Wadud Badshah Sahib to Muhammad Asif Khan. / (Record no. 26430)

MARC details
000 -LEADER
fixed length control field 00835nam a22002292a 4500
001 - CONTROL NUMBER
control field 26430
003 - CONTROL NUMBER IDENTIFIER
rucl marc code BD-RjUL
005 - DATE AND TIME OF LATEST TRANSACTION
control field 20211209051022.0
008 - FIXED-LENGTH DATA ELEMENTS--GENERAL INFORMATION
fixed length control field 140322s1963 pk ac 000 0 eng d
035 ## - SYSTEM CONTROL NUMBER
System control number (BD-RjUL)26500
-- OCLC ocm04356397 from D941228M
040 ## - CATALOGING SOURCE
Original cataloging agency DLC
Transcribing agency KSU
Modifying agency EQO
-- BD-RjUL
Language of cataloging eng
041 1# - LANGUAGE CODE
Language code of text/sound track or separate title engurd
082 04 - DEWEY DECIMAL CLASSIFICATION NUMBER
Edition number 21
Classification number 915.49122
Author mark and year ABS 1963
100 1# - MAIN ENTRY--PERSONAL NAME
Personal name Abdul Wadud,
Dates associated with a name 1881-
9 (RLIN) 81267
245 14 - TITLE STATEMENT
Title The story of Swat as told by the founder Miangul Abdul Wadud Badshah Sahib to Muhammad Asif Khan. /
Statement of responsibility, etc. Abdul Wadud ;Translated by Ashruf Altaf Husain
260 ## - PUBLICATION, DISTRIBUTION, ETC. (IMPRINT)
Place of publication, distribution, etc. Peshawar :
Name of publisher, distributor, etc. Feroz sons Ltd.,
Date of publication, distribution, etc. 1963.
300 ## - PHYSICAL DESCRIPTION
Pagination lxix, 143, xxvii p. :
Illustrations illus., ports.
Size 23 cm.
651 #0 - SUBJECT ADDED ENTRY--GEOGRAPHIC NAME
Geographic name Swāt District (Pakistan)
9 (RLIN) 81268
700 1# - ADDED ENTRY--PERSONAL NAME
Personal name Khan, Muhammad Asif.
942 ## - ADDED ENTRY ELEMENTS (KOHA)
Source of classification or shelving scheme Dewey Decimal Classification
Koha item type Books
Holdings
Lost status Source of classification or shelving scheme Damaged status Not for loan Collection code Permanent Location Current Location Shelving location Date acquired Source of acquisition Cost, normal purchase price Total Checkouts Full call number Date last seen Copy number Koha item type
  Dewey Decimal Classification   Added to bundle Non-fiction Central Library, University of Rajshahi Central Library, University of Rajshahi Reading Room 29/10/1969 R. B. Co. 15.00   915.49122 ABS 1963 22/03/2014 C-1 Books